000 00648nam a22002177a 4500
003 OSt
005 20260119111107.0
008 251211b |||||||| |||| 00| 0 eng d
020 _a9781441180100
040 _cLNDL
041 _aeng
100 _aRasinger,Sebastian M
_9855918
245 _aQuantitative Research in Linguistics : An Introduction Second Edition
_cSebastian M. Rasinger
250 _a2nd . ed,
260 _aLondon :
_bBloomsbury Publisher,
_c2013.
300 _a286p.
650 _aLinguistics Research-Methodology
_9855919
650 _aLinguistics-Statistical
_9855920
942 _2CC
_cGB
_n0
999 _c1466212
_d1466212